Americká hypotekárna kríza a jej dopad na svetovú ekonomiku bakalárska práca

Na minha lista:
Detalhes bibliográficos
Autor principal: Hilčík, Miroslav
Autor Corporativo: Národohospodárska fakulta EU. Katedra bankovníctva a medzinárodných financií
Outros Autores: Čurlejová, Libuša
Formato: Livro
Idioma:eslovaco
Publicado em: Bratislava 2009
Tags: Adicionar Tag
Sem tags, seja o primeiro a adicionar uma tag!

MARC

LEADER 00000nam$a2200000$$$4500
001 0100158
005 20240319123141.3
041 0 |a slo 
044 |a SK 
245 1 0 |a Americká hypotekárna kríza a jej dopad na svetovú ekonomiku  |b bakalárska práca  |c Miroslav Hilčík ; škol. Libuša Čurlejová 
264 1 |a Bratislava  |c 2009 
300 |a 38 s. 
100 1 |a Hilčík, Miroslav 
700 1 |a Čurlejová, Libuša 
710 2 |a Národohospodárska fakulta EU. Katedra bankovníctva a medzinárodných financií